| 000 | 00460nam a2200145Ia 4500 | ||
|---|---|---|---|
| 008 | 210716s2011 xx 000 0 und d | ||
| 020 | _a9780749461720 | ||
| 041 | _aeng | ||
| 082 | _a153.93 SMIH | ||
| 100 | _aSmith, Heidi. | ||
| 245 |
_aHow to pass numerical reasoning tests: step by step guide to learning key numeracy skills. _bStep by step guide to learning key numeracy skills. |
||
| 250 | _a2 | ||
| 260 |
_aNew Delhi _bKogan Page _c2011 |
||
| 300 | _a230 | ||
| 999 |
_c192121 _d192121 |
||